MDQL
is popping MORE tags! Check the
thread
!
Quizzes
Events
Quiz Creation
Community
Videos
Private Events
Remove Ads
Sign In
Join for FREE
Feedback
Dark Mode
Quiz Categories
Sports
Geography
Music
Movies
Television
Just For Fun
Miscellaneous
History
Literature
Language
Science
Gaming
Entertainment
Religion
Holiday
For Kids
Quiz Lab
Recent
Popular Today
Quiz Kudos Today
Editor Picks
Curator Picks
Quizzes by...
Day
Popularity
Type
Ratings
Length
Year
Community
Subscriptions
Recent Discussions
Orange Saloon
Badges
Playlists
Quests
Create
Leaderboards
Showdown
Live 5
Trivia Bingo
Activity
Puzzle Library
Sporcle Events
Private Events
Virtual Trivia
Globe League
Become a Host
Pub Owners
SporcleCon
Opinionation
Our Games
Videos
Blog
Mobile Apps
Partnerships
Remove Ads and Go Orange
Feedback
Geography
Country
Landmarks
City
State
Population
World
Capital
Continent
Flags
Europe
Africa
Asia
South America
North America
Oceania
Border
Canada
United Kingdom
Topography
United States
Geography
Country
Landmarks
City
State
Population
World
Capital
Continent
Flags
Europe
Africa
Asia
South America
North America
Oceania
Border
Canada
United Kingdom
Topography
United States
Random Quiz
Search Sporcle
×
Quiz Lab
Quiz Lab
Geography
Minefield
Select answers by clicking on text or image buttons
Select answers by clicking on text or image buttons
Clickable
Best Score? Go Orange.
Alphabetical Country Minefield Stats
Can you find the countries in alphabetical order?
By
gigabyte175
20m
197 Questions
81 Plays
81 Plays
81 Plays
Comments
Comments
Give Quiz Kudos
Give Quiz Kudos
-
- Ratings
hide this ad
Forced Order
Answers have to be entered in order
Answers have to be entered in order
Minefield
Wrong answers will end the quiz
Wrong answers will end the quiz
Random Order
Randomize order of answers
Randomize order of answers
Replay
Link that replays current quiz
Next Quiz
Link to next quiz in quiz playlist
You Got
0%
They Got
Avg Score
48%
Avg Friend Score
Upgrade to see
Score Distribution
Jump to the score distribution portion of the page
Score
0/197
Timer
20:00
0
Plays Today
% Correct
???
100%
???
92.6%
???
90.1%
???
90.1%
???
87.7%
???
87.7%
???
86.4%
???
86.4%
???
86.4%
???
86.4%
???
85.2%
???
84%
???
84%
???
84%
???
84%
???
82.7%
???
81.5%
???
80.2%
???
80.2%
???
80.2%
???
80.2%
???
80.2%
???
80.2%
???
80.2%
???
79%
???
79%
???
79%
???
79%
???
79%
???
77.8%
???
77.8%
???
77.8%
???
76.5%
???
75.3%
???
75.3%
???
74.1%
???
74.1%
???
74.1%
???
74.1%
???
74.1%
???
72.8%
???
72.8%
???
72.8%
???
72.8%
???
70.4%
???
70.4%
???
69.1%
???
69.1%
???
69.1%
???
69.1%
???
69.1%
???
69.1%
???
69.1%
???
69.1%
???
67.9%
???
67.9%
???
67.9%
???
67.9%
???
67.9%
???
67.9%
???
67.9%
???
66.7%
???
66.7%
???
66.7%
???
66.7%
???
66.7%
% Correct
???
65.4%
???
65.4%
???
65.4%
???
65.4%
???
65.4%
???
65.4%
???
65.4%
???
64.2%
???
63%
???
61.7%
???
61.7%
???
61.7%
???
59.3%
???
59.3%
???
59.3%
???
59.3%
???
59.3%
???
59.3%
???
59.3%
???
58%
???
58%
???
58%
???
56.8%
???
56.8%
???
56.8%
???
56.8%
???
56.8%
???
56.8%
???
56.8%
???
56.8%
???
55.6%
???
53.1%
???
51.9%
???
51.9%
???
51.9%
???
50.6%
???
49.4%
???
48.1%
???
48.1%
???
48.1%
???
46.9%
???
45.7%
???
45.7%
???
44.4%
???
42%
???
42%
???
39.5%
???
39.5%
???
38.3%
???
38.3%
???
38.3%
???
37%
???
35.8%
???
35.8%
???
35.8%
???
33.3%
???
33.3%
???
33.3%
???
33.3%
???
32.1%
???
32.1%
???
32.1%
???
32.1%
???
32.1%
???
30.9%
???
29.6%
% Correct
???
28.4%
???
28.4%
???
28.4%
???
27.2%
???
25.9%
???
25.9%
???
25.9%
???
25.9%
???
24.7%
???
24.7%
???
24.7%
???
23.5%
???
23.5%
???
23.5%
???
23.5%
???
23.5%
???
23.5%
???
23.5%
???
22.2%
???
21%
???
21%
???
19.8%
???
19.8%
???
18.5%
???
18.5%
???
17.3%
???
17.3%
???
17.3%
???
17.3%
???
17.3%
???
16%
???
14.8%
???
14.8%
???
14.8%
???
14.8%
???
14.8%
???
14.8%
???
14.8%
???
14.8%
???
14.8%
???
14.8%
???
14.8%
???
14.8%
???
14.8%
???
14.8%
???
14.8%
???
13.6%
???
13.6%
???
13.6%
???
13.6%
???
13.6%
???
13.6%
???
13.6%
???
13.6%
???
13.6%
???
13.6%
???
13.6%
???
13.6%
???
13.6%
???
13.6%
???
13.6%
???
13.6%
???
13.6%
???
13.6%
???
13.6%
Quiz Playlist
Details
Report
Send in Message
Add To Playlist
Clickable:
Select answers by clicking on text or image buttons
Forced Order:
Answers have to be entered in order
Minefield:
Wrong answers will end the quiz
Random Order:
Randomize order of answers
Last Updated: Feb 16, 2017
Quiz Scoreboard
CHALLENGE
Sign Up to Join the Scoreboard
Show All
Scores
Hide
Comments
May contain spoilers
Recently Published
Two Season TV Shows II
by 123Four
Television
10m
Image Sorting: Flags VI
by Barbecue
Geography
2m
Find the 'City' Movie
by crazypaving
Movies
60s
More to Explore
Quiz From the Vault
Featured Blog Post
14 Easter Pick-up Lines to Find Eggs With
hide this ad
You Might Also Like...
Tags
Clickable Quiz
Country Quiz
Minefield Quiz
long
search
Speed
Word Search
Today's Top Quizzes in Geography
Browse Geography
hide this ad
Today's Top Quizzes in Minefield
Browse Minefield
Top Contributed Quizzes in Geography
1
Colored Red Europe Blitz I
2
Countries of the World - No Outlines Minefield
3
Colored Red Africa Blitz II
4
Colored Red Europe Blitz II
5
Colored Red Europe Blitz III
6
Colored Red Africa Blitz III
7
Colored Red States Blitz I
8
Colored Red States Blitz II
9
A Different View: World Oceans
10
Colored Red States Blitz III
Explore More
Trending Topics
NBA
Marvel
Disney
Harry Potter
Kpop
Crossword
Anime
Puzzle
WWE
NFL
Song
Country
Soccer
The Office
Pokémon
hide this ad
More By:
gigabyte175
Quiz
Plays
Rating
Category
Featured
Created
Typing challenge- Colors
256
3.60
Just For Fun
Nov 22, 2012
Apush terms ch 5-8
97
3.50
History
Nov 20, 2012
Alphabetical Country Minefield
81
5.00
Geography
Apr 22, 2014
2016 Presidential Candidates
21
History
Sep 13, 2015
Go to Creator's Profile
Score Distribution
Quiz Creator Spotlight
gigabyte175
Follow
Send a Message
Quizzes Created
-
Created Quiz Play Count
-
More By This Creator
Popular Quizzes Today
1
Find the US States - No Outlines Minefield
2
Colored Red Africa Blitz
3
Find the 'City' Movie
4
5x2 Blitz: Bands
5
The Countries of the World
6
Find the Countries of Europe - No Outlines Minefield
7
Find the US States
8
US States
More Geography Quizzes
'A' Cities of Europe
Editor's Pick
Trending Quizzes
Colored Red Europe Blitz I
Colored Red Africa Blitz II
Colored Red Europe Blitz II
Even More Two Season TV Shows
Colored Red Africa Blitz III
Recently Updated
March Madness Men's Triple Doubles
pecheneg
How Do You Spell That?
pecheneg
Godzilla Movies
pecheneg
Grab Bag: 4-10 Letters
pecheneg
2024 March Madness Bracket
pecheneg
Famous TV Couples
Peacemaker
Champions League XIs: Real Madrid
pecheneg
Largest US Cities 1790-2010
pecheneg
Rides in Walt Disney World
pecheneg
Most Oscar Losses (Acting)
pecheneg
Trending Topics
Crossword
Marvel
Anime
Kpop
Disney
NBA
Harry Potter
WWE
Puzzle
Country
Pokémon
NFL
The Office
Song
Soccer
Your Account Isn't Verified!
In order to create a playlist on Sporcle, you need to verify the email address you used during registration. Go to your
Sporcle Settings
to finish the process.
Report this User
Report this user for behavior that violates our
Community Guidelines
.
Details:
Send Report
Go to the Sporcle.com Mobile Site →
Comments